000 017980000a22003610004500
003 EG-GICUC
005 20250223031617.0
008 070221s2006 ua h f m 000 0 eng d
040 _aEG-GICUC
_beng
_cEG-GICUC
041 0 _aEng
049 _aDeposite
097 _aM.Sc
099 _aCai01.11.14.M.Sc.2006.Ah.B
100 0 _aAhmed Hussein Ahmed Ibrahim Khalil
245 1 0 _aBiliary anatomy in living related donor transplantation and its significant outcome /
_cAhmed Hussein Ahmed Ibrahim Khalil ; Supervised Adel Ahmed Hosny , Mostafa Abd El rahman Elshazly , Yasser Hatata
246 1 5 _aالوصف التشريحى للقنوات المرارية فى المتبرع الحى ذو القرابة فى زراعة الكبد وتأثيرها على النتائج
260 _aCairo :
_bAhmed Hussein Ahmed Ibrahim Khalil ,
_c2006
300 _a89P :
_bfacsimiles ;
_c25cm
502 _aThesis (M.Sc.) - Cairo University - Faculty Of Medicine - Department Of General Surgery
520 _aLDLT is a solution for various end stage liver diseases and for the shortage of cadaveric livers Proper preoperative evaluation of both donors and recepients is essential for optimum selection and to minimize postoperative morbidity and mortality
530 _aIssued also as CD
653 4 _aBiliary anatomy and anatomical variants
653 4 _aLiving donor liver transplant tation (LDLT)
653 4 _aManagement and post LDLT biliary complications
653 4 _aPost LDLT biliary complication
700 0 _aAdel Ahmed Hosny ,
_eSupervisor
700 0 _aMostafa Abd El rahman Elshazly ,
_eSupervisor
700 0 _aYasser Hatata ,
_esupervisor
856 _uhttp://172.23.153.220/th.pdf
905 _aMustafa
_eRevisor
905 _aSamia
_eCataloger
942 _2ddc
_cTH
999 _c58744
_d58744